000 01228nam a2200313 i 4500
003 EG-GICUC
005 20260315083700.0
008 260315s1953 ua ||||fr|||| 000 0 ara d
040 _a EG-GICUC
_bara
_c EG-GICUC
_d EG-GICUC
_erda
041 _aara
082 0 4 _221
_a343.3
_bم ح . ش
092 0 4 _221
099 _aLaw1 10 343.3 م ح . ش 1953
100 0 _aمحمود محمود مصطفى
_eمؤلف.
245 1 0 _aشرح قانون الأجراءات الجنائية /
_cتأليف الدكتور محمود محمود مصطفي.
250 _aالطبعة الثانية
264 3 _aالإسكندرية :
_bدار نشر الثقافة،
_c1953.
300 _a590 صفحة، صفحات غير مرقمة ؛
_c24 سم.
_bإيضاحيات، صور، مثيليات ؛
336 _2rda content
_atext
337 _2rda media
_aComputer
338 _2rda carrier
_aOnline Resource
504 _aيشتمل على إرجاعات ببليوجرافية.
546 _aالنص باللغة العربية
650 1 4 _aقانون الأجراءات الجنائية
_2qrmak
651 1 _2qrmak
856 4 0 _uhttps://fll.law.cu.edu.eg/fulltext/bks/B10-05763.pdf
905 _a62
942 _2ddc
_cBK
_e21
_n0
999 _c66322
_d66322